000 00249nam a22001097a 4500
999 _c58050
_d58047
082 _a621.37BER
100 _aBerok R
245 _aElectronics instrumentation and measurements
260 _aJalandhar
_bIshan Pub
_c2012
300 _a400
942 _cBK